书目信息 |
| 题名: |
玻璃物理新问题
|
|
| 作者: | 塔拉索夫 著 ;黄熙怀 译 | |
| 分册: | ||
| 出版信息: | 北京 中国工业出版社 1965 |
|
| 页数: | 290页 | |
| 开本: | 20cm | |
| 丛书名: | ||
| 单 册: | ||
| 中图分类: | O631.1 | |
| 科图分类: | ||
| 主题词: | 高分子化学 , 高聚物 | |
| 电子资源: | ||
| ISBN: | ||
| 000 | 00667nam0 2200229 450 | |
| 001 | 0638837890 | |
| 005 | 20060522105004.98 | |
| 010 | @dCNY1.30 | |
| 091 | @a15165.3902 | |
| 100 | @a20060522d1965 km y0chiy0120 ea | |
| 101 | 0 | @achi@crus |
| 102 | @aCN@b110000 | |
| 200 | 1 | @a玻璃物理新问题@Abo li wu li xin wen ti@f(苏)B·B·塔拉索夫著@F(su)B·B·ta la suo fu zhu@g黄熙怀译@Ghuang xi huai yi |
| 210 | @a北京@c中国工业出版社@d1965 | |
| 215 | @a290页@d20cm | |
| 606 | 0 | @a高分子化学 |
| 606 | 0 | @a高聚物 |
| 690 | @aO631.1@v3 | |
| 701 | 0 | @a塔拉索夫@Ata la suo fu@4著 |
| 702 | 0 | @a黄熙怀@Ahuang xi huai@4译 |
| 801 | 0 | @aCN@bPFT@c20060522 |
| 905 | @a10447@dO631.1@e1 | |
| 玻璃物理新问题/(苏)B·B·塔拉索夫著/黄熙怀译.-北京:中国工业出版社,1965 |
| 290页;20cm |
| ISBN :CNY1.30 |
| ● |
| 相关链接 |
|
|
|
|
正题名:玻璃物理新问题
索取号:O631.1/1
 
预约/预借
| 序号 | 登录号 | 条形码 | 馆藏地/架位号 | 状态 | 备注 |
| 1 | 0013549 | 000351256 | 密集书库/ [索取号:O631.1/1] | 在馆 |